000 00436nam a22001697a 4500
005 20250104194927.0
008 250104b |||||||| |||| 00| 0 eng d
020 _a9789354405839
041 _aEng
082 _a191 SIN
100 _aSingh Bhagat
245 _aWhy I am an Atheist and Other Works
260 _aNew Delhi
_bFingerPrint Classic
_c2024
300 _a176;. P.
650 _aPhilosophers; General; History
942 _cBK
999 _c43195
_d43195